[Event "Heilbronn WEM"]
[Site "Heilbronn"]
[Date "2024.08.02"]
[Round "8"]
[White "Ramirez Marin, Ivan"]
[Black "Freiherr von Hauff, Christopher V"]
[Result "0-1"]
[WhiteElo "2279"]
[BlackElo "1950"]
[PlyCount "86"]
[EventDate "2024.08.01"]
[EventType "tourn"]
[EventRounds "9"]
[EventCountry "GER"]
[EventCategory "2"]
[SourceTitle "CBM 221 Extra"]
[Source "ChessBase"]
[SourceDate "2024.09.30"]
[SourceVersion "1"]
[SourceVersionDate "2024.09.30"]
[SourceQuality "1"]

1. d4 Nf6 2. c4 g6 3. Nc3 Bg7 4. e4 0-0 5. h3 c5 6. Nf3 cxd4 7. Nxd4 Nc6 8. Be3 d6 9. Be2 Nxd4 10. Bxd4 Be6 11. 0-0 Nd7 12. Bxg7 Kxg7 13. Kh1 Rc8 14. b3 a6 15. f4 f6 16. Qd2 Qa5 17. Qb2 b5 18. Nd5 Bxd5 19. exd5 bxc4 20. Bxc4 Nb6 21. Rae1 Rc7 22. Re4 Rb8 23. Rfe1 Rbb7 24. Qe2 Nxc4 25. bxc4 Qc3 26. f5 gxf5 27. Re3 Qxc4 28. Rg3+ Kh6 29. Qe6 Qh4 30. Qg8 e5 31. Rf1 Rg7 32. Rxg7 Rxg7 33. Qe6 Qg5 34. Rf2 Qc1+ 35. Kh2 Qg5 36. Kh1 f4 37. Qxd6 f3 38. g4 Qc1+ 39. Kh2 Qf4+ 40. Kh1 Rb7 41. Qf8+ Kg5 42. h4+ Kxh4 43. Rh2+ Kg3 0-1

[Event "Wuerttemberg-chT Rapid"]
[Site "Boeblingen"]
[Date "2024.04.13"]
[Round "4.31"]
[White "Schmid, Tim1"]
[Black "Freiherr von Hauff, Christopher V"]
[Result "0-1"]
[WhiteElo "1765"]
[BlackElo "1960"]
[PlyCount "140"]
[EventDate "2024.04.13"]
[EventType "team-tourn"]
[EventRounds "9"]
[EventCountry "GER"]
[SourceTitle "CBM 219 Extra"]
[Source "ChessBase"]
[SourceDate "2024.05.31"]
[SourceVersion "1"]
[SourceVersionDate "2024.05.31"]
[SourceQuality "1"]

1. e4 e5 2. Nf3 Nc6 3. Bb5 a6 4. Ba4 Nf6 5. 0-0 Be7 6. Bxc6 dxc6 7. Nxe5 Nxe4 8. Qf3 Nf6 9. c3 0-0 10. d4 Be6 11. Be3 Bd5 12. Qe2 Nd7 13. c4 Be4 14. Nxd7 Qxd7 15. Nc3 Bf5 16. h3 Bf6 17. Rad1 h6 18. Qf3 Rad8 19. Ne4 Bxe4 20. Qxe4 Rfe8 21. Qf3 Qe6 22. b3 Qe4 23. Qg3 Bxd4 24. Qxc7 c5 25. Qf4 Qxf4 26. Bxf4 Re2 27. Rd2 Rde8 28. Rxe2 Rxe2 29. Be3 Bxe3 30. fxe3 Rxa2 31. Rf5 b6 32. Rd5 Rb2 33. Rd3 Kf8 34. Kh2 Ke7 35. Kg3 Ke6 36. Kf3 b5 37. g4 bxc4 38. bxc4 Rb4 39. Ra3 Rxc4 40. Rxa6+ Ke5 41. Ra7 Kf6 42. Ra6+ Kg5 43. Ra7 Kg6 44. Ra6+ f6 45. Rc6 Rc1 46. h4 c4 47. Ke4 Rg1 48. Kf4 Rc1 49. h5+ Kf7 50. Rc7+ Kg8 51. Ke4 c3 52. Kd3 Rd1+ 53. Ke2 Rd2+ 54. Ke1 Rd3 55. Ke2 Rd2+ 56. Ke1 Rg2 57. Rxc3 Rxg4 58. Rc5 Rg5 59. Rxg5 hxg5 60. Kf2 Kf7 61. Kg3 Ke6 62. Kf3 Ke5 63. e4 g4+ 64. Kg3 Kxe4 65. Kxg4 Ke5 66. Kg3 Kf5 67. Kh4 Kf4 68. h6 gxh6 69. Kh5 f5 70. Kxh6 Kg4 0-1

[Event "GER-chT U20"]
[Site "Muenster"]
[Date "2022.12.27"]
[Round "1"]
[White "Freiherr von Hauff, Christopher V"]
[Black "Lichtmannecker, Daniel"]
[Result "0-1"]
[WhiteElo "1852"]
[BlackElo "2106"]
[PlyCount "86"]
[EventDate "2022.12.26"]
[EventType "team-swiss"]
[EventRounds "7"]
[EventCountry "GER"]
[SourceTitle "CBM 212 Extra"]
[Source "ChessBase"]
[SourceDate "2023.03.31"]
[SourceVersion "1"]
[SourceVersionDate "2023.03.31"]
[SourceQuality "1"]
[WhiteTeam "Bebenhausen"]
[BlackTeam "Ergolding"]
[WhiteTeamCountry "GER"]
[BlackTeamCountry "GER"]

1. e4 c6 2. d4 d5 3. Nc3 dxe4 4. Nxe4 Bf5 5. Ng3 Bg6 6. Nf3 Nd7 7. h4 h6 8. h5 Bh7 9. Bd3 Bxd3 10. Qxd3 e6 11. Bd2 Ngf6 12. 0-0-0 Be7 13. Ne4 0-0 14. Nxf6+ Nxf6 15. g4 Nxg4 16. Rhg1 f5 17. Qe2 Qe8 18. Ne5 Nxe5 19. dxe5 f4 20. Rg6 Bg5 21. Qc4 Rf5 22. Rxe6 Qf7 23. Qb3 Rd8 24. Re1 Rd5 25. Rd6 Rfxe5 26. Rxe5 Rxe5 27. Rd7 Qxb3 28. axb3 f3 29. Bxg5 hxg5 30. Rd6 Re1+ 31. Kd2 Re2+ 32. Kd3 Rxf2 33. Rg6 Rxc2 34. Rxg5 Rxb2 35. Kc3 Rh2 36. Kd3 Rb2 37. Kc3 Rg2 38. Rf5 f2 39. Kd3 Rg5 40. Rxf2 Rxh5 41. Kd4 Rd5+ 42. Kc4 g5 43. Rg2 Kg7 0-1

[Event "GER-chT U20"]
[Site "Willingen"]
[Date "2021.06.24"]
[Round "1"]
[White "Freiherr von Hauff, Christopher V"]
[Black "Bargsten, Justus"]
[Result "0-1"]
[WhiteElo "1832"]
[BlackElo "2052"]
[PlyCount "56"]
[EventDate "2021.06.24"]
[EventType "team-swiss"]
[EventRounds "7"]
[EventCountry "GER"]
[SourceTitle "CBM 203 Extra"]
[Source "ChessBase"]
[SourceDate "2021.09.30"]
[SourceVersion "1"]
[SourceVersionDate "2021.09.30"]
[SourceQuality "1"]
[WhiteTeam "Bebenhausen"]
[BlackTeam "Uelzen Post"]
[WhiteTeamCountry "GER"]
[BlackTeamCountry "GER"]

1. e4 e5 2. Nf3 Nc6 3. Bc4 Nf6 4. Ng5 d5 5. exd5 Na5 6. d3 h6 7. Nf3 e4 8. Qe2 Nxc4 9. dxc4 Bc5 10. Nfd2 0-0 11. Nb3 Bg4 12. Qf1 Bb4+ 13. c3 Be7 14. h3 Bh5 15. g4 Bg6 16. Be3 Nd7 17. N1d2 Ne5 18. 0-0-0 b5 19. Kb1 bxc4 20. Nxc4 Nd3 21. Nca5 Qxd5 22. c4 Qe6 23. Nd4 Qa6 24. Ndc6 Bf6 25. Rd2 Rab8 26. Nxb8 Rxb8 27. Nb3 Rxb3 28. axb3 Nb4 0-1

[Event "GER-chT U16"]
[Site "Aurich"]
[Date "2018.12.30"]
[Round "7.2"]
[White "Freiherr von Hauff, Christopher V"]
[Black "Biermann, Florian"]
[Result "0-1"]
[WhiteElo "1802"]
[BlackElo "2054"]
[PlyCount "60"]
[EventDate "2018.12.27"]
[EventType "team-swiss"]
[EventRounds "7"]
[EventCountry "GER"]
[SourceTitle "CBM 188 Extra"]
[Source "ChessBase"]
[SourceDate "2019.02.28"]
[SourceVersion "1"]
[SourceVersionDate "2019.02.28"]
[SourceQuality "1"]
[WhiteTeam "Bebenhausen"]
[BlackTeam "Bochum SG"]
[WhiteTeamCountry "GER"]
[BlackTeamCountry "GER"]

1. e4 c5 2. c3 g6 3. d4 cxd4 4. cxd4 d5 5. exd5 Nf6 6. Nc3 Bg7 7. Bc4 0-0 8. Nge2 a6 9. a4 Nbd7 10. Nf4 Nb6 11. Bb3 Bf5 12. a5 Nc8 13. 0-0 Nd6 14. f3 Rc8 15. Qe2 Bd7 16. Ba4 Nc4 17. Bxd7 Nxd7 18. Be3 Nxa5 19. Ra4 b5 20. Nxb5 axb5 21. Qxb5 Nb6 22. Rxa5 Nc4 23. Ra3 Nxe3 24. Rxe3 Bxd4 25. Qd3 Qb6 26. Rfe1 Rc1 27. Kf2 Rxe1 28. Kxe1 Bxe3 29. Ne2 Ra8 30. Qd1 Qxb2 0-1

[Event "GER-chT U16"]
[Site "Aurich"]
[Date "2018.12.27"]
[Round "1.2"]
[White "Meiwes, Thore"]
[Black "Freiherr von Hauff, Christopher V"]
[Result "0-1"]
[WhiteElo "1959"]
[BlackElo "1802"]
[PlyCount "72"]
[EventDate "2018.12.27"]
[EventType "team-swiss"]
[EventRounds "7"]
[EventCountry "GER"]
[SourceTitle "CBM 188 Extra"]
[Source "ChessBase"]
[SourceDate "2019.02.28"]
[SourceVersion "1"]
[SourceVersionDate "2019.02.28"]
[SourceQuality "1"]
[WhiteTeam "Lehrte"]
[BlackTeam "Bebenhausen"]
[WhiteTeamCountry "GER"]
[BlackTeamCountry "GER"]

1. d4 Nf6 2. Bf4 c5 3. e3 cxd4 4. exd4 d5 5. c3 Bf5 6. Nf3 Nc6 7. Nbd2 e6 8. Qb3 Qc8 9. Nh4 Bg4 10. h3 Bh5 11. g4 Bg6 12. Nxg6 hxg6 13. Bg2 Qd7 14. 0-0-0 Rc8 15. Kb1 Na5 16. Qc2 b5 17. Qd3 Nc4 18. Rc1 Bd6 19. Bxd6 Qxd6 20. Nxc4 bxc4 21. Qe3 0-0 22. Bf3 Rb8 23. h4 Rb5 24. Rc2 Rfb8 25. Kc1 Qb6 26. Qe2 Ra5 27. a3 Qb3 28. h5 gxh5 29. gxh5 Qa2 30. h6 Rab5 31. hxg7 Rxb2 32. Rh8+ Kxg7 33. Rxb8 Qb1+ 34. Kd2 Rxc2+ 35. Ke3 Rxe2+ 36. Bxe2 Qxb8 0-1

[Event "Baden Wuerttemberg-chT U16"]
[Site "Burg Ortenberg"]
[Date "2018.06.23"]
[Round "3.2"]
[White "Freiherr von Hauff, Christopher V"]
[Black "Hurm, Moritz"]
[Result "0-1"]
[WhiteElo "1800"]
[BlackElo "1670"]
[PlyCount "72"]
[EventDate "2018.06.23"]
[EventType "team-tourn"]
[EventRounds "3"]
[EventCountry "GER"]
[SourceTitle "EXT 2019"]
[Source "ChessBase"]
[SourceDate "2018.10.10"]
[SourceVersion "1"]
[SourceVersionDate "2018.10.10"]
[SourceQuality "1"]
[WhiteTeam "Bebenhausen U16"]
[BlackTeam "Hohentuebingen U16"]
[WhiteTeamCountry "GER"]
[BlackTeamCountry "GER"]

1. e4 c5 2. a3 e6 3. b4 cxb4 4. axb4 Bxb4 5. c3 Be7 6. d4 b6 7. Bd3 Bb7 8. Nf3 Nf6 9. e5 Nd5 10. 0-0 f5 11. Qb3 0-0 12. Bd2 Kh8 13. c4 Nc7 14. Be2 g5 15. Nc3 g4 16. Ne1 Bg5 17. Qc2 Nc6 18. Qc1 h6 19. Nc2 Qe7 20. Bxg5 hxg5 21. Qd2 Na5 22. Rfb1 Qh7 23. Rxa5 Bxg2 24. Raa1 Rf7 25. Bf1 Bf3 26. Qxg5 f4 27. Bg2 Rg8 28. Qxg8+ Kxg8 29. Rxa7 Qxc2 30. Rxc7 Bxg2 31. Kxg2 g3 32. Rf1 f3+ 33. Kg1 gxh2+ 34. Kxh2 Qh7+ 35. Kg3 Qg6+ 36. Kh4 Rh7# 0-1

[Event "GER-chT U16"]
[Site "Walldorf"]
[Date "2017.12.29"]
[Round "6.3"]
[White "Kartsev, Nikolaj"]
[Black "Freiherr von Hauff, Christopher V"]
[Result "0-1"]
[WhiteElo "2008"]
[BlackElo "1819"]
[PlyCount "82"]
[EventDate "2017.12.26"]
[EventType "team-swiss"]
[EventRounds "7"]
[EventCountry "GER"]
[SourceTitle "CBM 182 Extra"]
[Source "ChessBase"]
[SourceDate "2018.02.23"]
[SourceVersion "1"]
[SourceVersionDate "2018.02.23"]
[SourceQuality "1"]
[WhiteTeam "Brackel"]
[BlackTeam "Bebenhausen"]
[WhiteTeamCountry "GER"]
[BlackTeamCountry "GER"]

1. e4 e5 2. Nf3 Nc6 3. Bb5 Nd4 4. Bc4 Bc5 5. b4 Bb6 6. c3 Nxf3+ 7. Qxf3 Nf6 8. 0-0 d6 9. h3 Be6 10. Bb5+ Nd7 11. Bb2 c6 12. Ba4 0-0 13. d4 d5 14. Nd2 f5 15. exd5 Bxd5 16. Bb3 Bxb3 17. Nxb3 e4 18. Qe2 Qg5 19. Nc5 Bxc5 20. bxc5 Nf6 21. Bc1 Qg6 22. Rb1 Rab8 23. Bf4 Nd5 24. Bxb8 Rxb8 25. Qd2 f4 26. c4 f3 27. g4 e3 28. fxe3 h5 29. Qh2 Rf8 30. cxd5 hxg4 31. Qg3 f2+ 32. Kh2 cxd5 33. Rxb7 Qa6 34. Qc7 g3+ 35. Kg2 Qxf1+ 36. Kxf1 g2+ 37. Kxg2 f1Q+ 38. Kg3 Rf3+ 39. Kg4 Qxh3+ 40. Kg5 Rf5+ 41. Kg6 Qh5# 0-1

[Event "GER-chT U16"]
[Site "Neumarkt in der Oberpfalz"]
[Date "2016.12.28"]
[Round "3.2"]
[White "Wiesner, Alexander"]
[Black "Freiherr von Hauff, Christopher V"]
[Result "1-0"]
[WhiteElo "1973"]
[BlackElo "1708"]
[PlyCount "111"]
[EventDate "2016.12.27"]
[EventType "team-swiss"]
[EventRounds "7"]
[EventCountry "GER"]
[SourceTitle "EXT 2018"]
[Source "ChessBase"]
[SourceDate "2017.10.13"]
[SourceVersion "1"]
[SourceVersionDate "2017.10.13"]
[SourceQuality "1"]
[WhiteTeam "Karlsruhe SF"]
[BlackTeam "Bebenhausen"]
[WhiteTeamCountry "GER"]
[BlackTeamCountry "GER"]

1. d4 f5 2. e4 fxe4 3. Nc3 Nf6 4. Bg5 e6 5. Nxe4 Be7 6. Bxf6 Bxf6 7. Nf3 b6 8. Bd3 Nc6 9. c3 Bb7 10. 0-0 Qe7 11. Qe2 0-0 12. Qc2 g6 13. Rfe1 d5 14. Nxf6+ Qxf6 15. Ne5 Nxe5 16. Rxe5 c5 17. Qe2 Rae8 18. Re1 Bc8 19. Qe3 c4 20. Be2 Qh4 21. g3 Qf6 22. Bg4 Kg7 23. f4 Kf7 24. f5 gxf5 25. Bh5+ Kg7 26. Bxe8 Rxe8 27. Rxd5 Re7 28. Qe5 Qxe5 29. Rdxe5 Kf6 30. d5 Bd7 31. Kf2 Re8 32. Kf3 a6 33. Kf4 b5 34. dxe6 Rxe6 35. Rxf5+ Kg6 36. Rxe6+ Bxe6 37. Rc5 Bd7 38. Rc7 Bh3 39. Rc6+ Kf7 40. Rxa6 h5 41. Ra7+ Kg6 42. Rb7 Kf6 43. Rxb5 Ke6 44. Rxh5 Bf1 45. Rg5 Bh3 46. a4 Kd6 47. a5 Kc6 48. Re5 Bd7 49. h4 Bc8 50. h5 Kd6 51. h6 Kc6 52. h7 Ba6 53. h8Q Kd6 54. Qf6+ Kc7 55. Re7+ Kd8 56. Qf8# 1-0

[Event "Wuerttemberg-ch KT"]
[Site "Stuttgart"]
[Date "2015.09.06"]
[Round "9"]
[White "Freiherr von Hauff, Christopher V"]
[Black "Mierzwa, Robert"]
[Result "0-1"]
[WhiteElo "1858"]
[BlackElo "1900"]
[PlyCount "118"]
[EventDate "2015.08.29"]
[EventType "swiss"]
[EventRounds "9"]
[EventCountry "GER"]
[SourceTitle "EXT 2017"]
[Source "ChessBase"]
[SourceDate "2016.10.25"]
[SourceVersion "1"]
[SourceVersionDate "2016.10.25"]
[SourceQuality "1"]

1. e4 e5 2. Nf3 Nc6 3. c3 Nf6 4. d4 exd4 5. e5 Ne4 6. Bd3 d5 7. exd6 Nxd6 8. 0-0 Bg4 9. cxd4 Bxf3 10. Qxf3 Nxd4 11. Qd1 Nc6 12. Nc3 Qd7 13. Be3 Be7 14. Rc1 0-0 15. f4 Nf5 16. Rf3 Rad8 17. Bf2 Nb4 18. Bb1 Qxd1+ 19. Rxd1 Rxd1+ 20. Nxd1 Rd8 21. Nc3 Nd4 22. Bxd4 Rxd4 23. a3 Nd5 24. Nxd5 Rxd5 25. Bd3 h6 26. Kf1 Kf8 27. Ke2 f5 28. Rh3 Bd6 29. Rf3 Ke7 30. g3 Kf6 31. Re3 Bc5 32. Re8 Be7 33. Rc8 Rd7 34. Ra8 Bc5 35. Bc4 Rd4 36. b3 c6 37. a4 a6 38. Kf3 Rd2 39. g4 Rxh2 40. Re8 Rh3+ 41. Kg2 Re3 42. Rxe3 Bxe3 43. Kf3 Bc1 44. gxf5 Kxf5 45. Bd3+ Ke6 46. Bf1 Kd5 47. Bh3 a5 48. Bf1 Kc5 49. Kg4 b5 50. Be2 bxa4 51. bxa4 Kb4 52. Bd1 c5 53. f5 Bb2 54. Kf4 Bf6 55. Ke3 Kc3 56. Be2 c4 57. Bd1 Kb2 58. Ke2 c3 59. Kd3 h5 0-1

[Event "Wuerttemberg-ch KT"]
[Site "Stuttgart"]
[Date "2015.08.31"]
[Round "3"]
[White "Freiherr von Hauff, Christopher V"]
[Black "Nam, Seung Zin"]
[Result "1-0"]
[WhiteElo "1858"]
[BlackElo "1608"]
[PlyCount "85"]
[EventDate "2015.08.29"]
[EventType "swiss"]
[EventRounds "9"]
[EventCountry "GER"]
[SourceTitle "EXT 2017"]
[Source "ChessBase"]
[SourceDate "2016.10.25"]
[SourceVersion "1"]
[SourceVersionDate "2016.10.25"]
[SourceQuality "1"]

1. e4 d6 2. d4 Nf6 3. Nc3 e5 4. Nf3 exd4 5. Nxd4 Be7 6. Bb5+ c6 7. Be2 0-0 8. Be3 a6 9. 0-0 c5 10. Nb3 Be6 11. f4 Nc6 12. Bf3 Qc8 13. h3 Rd8 14. Qe2 b5 15. Rad1 Bc4 16. Qf2 Bxf1 17. Rxf1 Rb8 18. g4 b4 19. Ne2 Re8 20. Qg2 Nd7 21. Ng3 Bf8 22. g5 Nb6 23. h4 Nc4 24. Bc1 g6 25. e5 Nd4 26. Nxd4 cxd4 27. b3 Ne3 28. Bxe3 dxe3 29. Ne4 Kh8 30. Nf6 Rd8 31. h5 dxe5 32. hxg6 e2 33. Bxe2 Bc5+ 34. Kh1 fxg6 35. f5 Kg7 36. Qh3 Rh8 37. Qh6+ Kf7 38. fxg6+ hxg6 39. Nh7+ Ke7 40. Qg7+ Kd6 41. Rf6+ Kd5 42. Qf7+ Kd4 43. Qc4+ 1-0

[Event "GER-chT U14"]
[Site "Regensburg"]
[Date "2014.12.29"]
[Round "6.3"]
[White "Freiherr von Hauff, Christopher V"]
[Black "Baureis, Julian"]
[Result "1-0"]
[WhiteElo "1488"]
[BlackElo "1358"]
[PlyCount "73"]
[EventDate "2014.12.27"]
[EventType "team-swiss"]
[EventRounds "7"]
[EventCountry "GER"]
[SourceTitle "EXT 2016"]
[Source "ChessBase"]
[SourceDate "2015.10.08"]
[SourceVersion "1"]
[SourceVersionDate "2015.10.08"]
[SourceQuality "1"]
[WhiteTeam "Bebenhausen"]
[BlackTeam "Walldorf"]
[WhiteTeamCountry "GER"]
[BlackTeamCountry "GER"]

1. e4 c5 2. c3 d5 3. exd5 Qxd5 4. d4 cxd4 5. cxd4 Nc6 6. Nf3 e6 7. Nc3 Qd8 8. Bb5 Bd7 9. Bf4 Nf6 10. 0-0 a6 11. Ba4 Bb4 12. Bg5 Be7 13. Qe2 0-0 14. Rad1 Nb4 15. Bb3 Re8 16. Rd2 Qb6 17. a3 Nc6 18. Bc2 Rad8 19. Ne4 Nd5 20. Bxe7 Ndxe7 21. Nd6 Rf8 22. Rfd1 Ng6 23. h4 f5 24. Ng5 Rf6 25. b4 Nxb4 26. Nc4 Qc7 27. axb4 Nf4 28. Qe5 Qxc4 29. Qxf4 Bc6 30. Qe5 h6 31. Nh3 Rg6 32. Nf4 Rf6 33. Bb1 Bd5 34. Ba2 Qxb4 35. Bxd5 exd5 36. Nxd5 Rfd6 37. Nxb4 1-0

[Event "GER-chT U14"]
[Site "Regensburg"]
[Date "2014.12.27"]
[Round "1.3"]
[White "Bruell, Elias"]
[Black "Freiherr von Hauff, Christopher V"]
[Result "0-1"]
[WhiteElo "1685"]
[BlackElo "1488"]
[PlyCount "114"]
[EventDate "2014.12.27"]
[EventType "team-swiss"]
[EventRounds "7"]
[EventCountry "GER"]
[SourceTitle "EXT 2016"]
[Source "ChessBase"]
[SourceDate "2015.10.08"]
[SourceVersion "1"]
[SourceVersionDate "2015.10.08"]
[SourceQuality "1"]
[WhiteTeam "Regensburg Bavaria"]
[BlackTeam "Bebenhausen"]
[WhiteTeamCountry "GER"]
[BlackTeamCountry "GER"]

1. e4 e5 2. Nf3 Nc6 3. Bb5 Nf6 4. 0-0 Nxe4 5. Re1 Nd6 6. Nxe5 Be7 7. Nxc6 dxc6 8. Ba4 0-0 9. d4 Bf6 10. c3 Bf5 11. Bf4 Re8 12. Nd2 Ne4 13. Bc2 Nd6 14. Rxe8+ Qxe8 15. Bxf5 Nxf5 16. Bxc7 Qd7 17. Bf4 c5 18. dxc5 Rd8 19. Qc2 Rc8 20. Ne4 Qe6 21. Nxf6+ Qxf6 22. b4 b6 23. cxb6 axb6 24. Rc1 Nd4 25. Qd2 Qxf4 26. Qxf4 Ne2+ 27. Kf1 Nxf4 28. a4 Kf8 29. a5 bxa5 30. bxa5 Ra8 31. Ra1 Ke7 32. g3 Nd5 33. c4 Nb6 34. c5 Nc4 35. a6 Kd7 36. Ra4 Ne5 37. f4 Nc6 38. Ke2 Ke6 39. Kd3 Kd5 40. a7 Rxa7 41. Rxa7 Nxa7 42. h4 f5 43. Ke3 Kxc5 44. h5 Nc6 45. Kf3 Nd4+ 46. Ke3 Kd5 47. Kd3 h6 48. Ke3 Kc4 49. Kd2 Nf3+ 50. Ke2 Nh2 51. Ke3 Kc3 52. Kf2 Kd3 53. Kg2 Ng4 54. Kh3 Ke3 55. Kh4 Nf6 56. Kh3 Nxh5 57. g4 Nxf4+ 0-1